| 000 | 00000nam 2200000za 4500 |
| 001 | 9.856055 |
| 003 | CaOODSP |
| 005 | 20221107155441 |
| 007 | cr ||||||||||| |
| 008 | 180502s2018 onc #o f|0| 0 fre d |
| 040 | |aCaOODSP|bfre |
| 043 | |an-cn--- |
| 086 | 1 |aXC62-1/1-421-16F-PDF |
| 110 | 1 |aCanada. |bParlement. |bChambre des communes. |bComité permanent de la santé. |
| 245 | 10|aÉtude su l'état de la résistance aux antimicrobiens au Canada et recommendations connexes |h[ressource électronique] / |cle président, Bill Casey. |
| 260 | |a[Ottawa] : |bChambre des communes, |c2018. |
| 300 | |aviii, 37 p. |
| 490 | 1 |aRapport du Comité permanent de la santé ; |v16e rapport, 42e législature, 1re session |
| 500 | |aPubl. aussi en anglais sous le titre : A study on the status of antimicrobial resistance in Canada and related recommendations. |
| 500 | |aDate originale de publication: 2018/05/01; date de publication: 2018/05/15. |
| 504 | |aComprend des références bibliographiques. |
| 692 | 07|2gccst|aMédicament |
| 692 | 07|2gccst|aMaladie |
| 700 | 1 |aCasey, Bill, |d1945- |
| 775 | 08|tA study on the status of antimicrobial resistance in Canada and related recommendations |w(CaOODSP)9.856054 |
| 830 | #0|aRapport du Comité permanent de la santé ;|v16e rapport, 42e législature, 1re session|w(CaOODSP)9.503454 |
| 856 | 40|qPDF|s6.73 MB|uhttps://publications.gc.ca/collections/collection_2018/parl/xc62-1/XC62-1-1-421-16-fra.pdf |